000 00484nam a22001697a 4500
003 OSt
005 20140310183107.0
008 130305t xxu||||| |||| 00| 0 eng d
020 _a9715693008
050 _aDS 655
_b.B464p 1998
100 _aBest, Jonathan
245 _aA Philippine album :
_cAmerican era photographs 1900-1930 /
_bBest, Jonathan
260 _aMakati City :
_bBookmark,
_c1998.
300 _a254 p. :
_c24 cm.
_bcol. ill. ;
942 _2lcc
_cBK
_kFLIR
999 _c18797
_d18797